=LDR 00000nam 2200000 4500 =001 INLIS000000000056373 =005 20200901072107 =035 ##$$a 0010-0920000004 =007 ta =008 200901###########################0#ind## =082 ##$$a 796 =084 ##$$a 796 buk b =245 ##$$a buku pintar olahraga =300 ##$$a 644 halaman : $b Ilustrasi ; $c 15cm =650 #4$$a olahraga =700 #$$a editor : =264 ##$$a Jakarta :$b mawar gempita =336 ##$$a Teks$2 rdacontent =337 ##$$a lain-lain$2 rdamedia =338 ##$$a lain-lain$2 rdacarrier =990 ##$$a 04210421